FACISM ITS PHILOSOPHY PROFESSIONS AND PRACTICE. (Record no. 744477)

MARC details
000 -LEADER
fixed length control field 00562nam a2200181Ia 4500
008 - FIXED-LENGTH DATA ELEMENTS--GENERAL INFORMATION
fixed length control field 100920s9999 xx 000 0 und d
082 ## - DEWEY DECIMAL CLASSIFICATION NUMBER
Item number 104045
Classification number 11 न 07
100 ## - MAIN ENTRY--PERSONAL NAME
Personal name ROY M.N.
245 ## - TITLE STATEMENT
Title FACISM ITS PHILOSOPHY PROFESSIONS AND PRACTICE.
260 ## - PUBLICATION, DISTRIBUTION, ETC. (IMPRINT)
Name of publisher, distributor, etc RENISSANCE PVT LTD KOLKATTA.
Date of publication, distribution, etc 2007
300 ## - PHYSICAL DESCRIPTION
Extent 96
Other physical details साधी
365 ## - TRADE PRICE
Price amount 125
520 ## - SUMMARY, ETC.
Summary, etc एच.पी.बी.
630 ## - SUBJECT ADDED ENTRY--UNIFORM TITLE
Uniform title FACISM ITS PHILOSOPHY PROFESSIONS AND PRACTICE.
650 ## - SUBJECT ADDED ENTRY--TOPICAL TERM
Topical term or geographic name as entry element एच.पी.बी.
730 ## - ADDED ENTRY--UNIFORM TITLE
Uniform title FACISM ITS PHILOSOPHY PROFESSIONS AND PRACTICE.
942 ## - ADDED ENTRY ELEMENTS (KOHA)
Koha item type Book
Holdings
Withdrawn status Lost status Damaged status Not for loan Home library Current library Shelving location Date acquired Cost, normal purchase price Total Checkouts Barcode Date last seen Price effective from Koha item type Public note
        Shri Chhatrapati Pratapsinh Maharaj ( Thorle) Nagar Vachanalaya, Satara Shri Chhatrapati Pratapsinh Maharaj ( Thorle) Nagar Vachanalaya, Satara     125.00   SATVAC-104045 09/20/2010 09/20/2010 Book देवघेव